| 000 | 00933nam a2200289 c 4500 | ||
|---|---|---|---|
| 003 | BLK | ||
| 005 | 20180420222812.0 | ||
| 008 | 180408b bul|||||r ||||||| ||bul|| | ||
| 010 | _aKNG00062860000 | ||
| 040 | _aBLK | ||
| 041 |
_aRUS _cRUS |
||
| 080 |
_aСпорт. Физическа култура _b796/799 _x(03) _z796/799(03) |
||
| 139 |
_aФизкультура и спорт _bФ 47 |
||
| 245 | 1 | 0 |
_aФизкультура и спорт _bМалая энцикл. |
| 246 | 1 | 1 | _aKorperkultur und Sport -. Kleine Enzyklopadie |
| 260 |
_аМосква _bРадуга _c1982 |
||
| 300 |
_a374 с. _c27 см |
||
| 380 | _a79 | ||
| 650 | 4 |
_aФизкултура и спорт _9288522 |
|
| 653 | _aфизкултура | ||
| 653 | _aенциклопедии | ||
| 852 | _aЦб ІІ 6409 | ||
| 856 | 4 |
_qpdf _u |
|
| 856 | 4 |
_qpdf _u |
|
| 942 |
_cKNG _n0 |
||
| 944 |
_aCR _c13.06.2004 _kЧиталня |
||
| 944 |
_aED _c26.11.2015 _kВаля_Йорданова |
||
| 999 |
_c58793 _d58793 |
||